[Event "Torino Province-ch"]
[Site "Torino"]
[Date "2015.02.05"]
[Round "2"]
[White "Peruffo, Giovanni"]
[Black "Parisi, Gianmario"]
[Result "0-1"]
[WhiteElo "1520"]
[BlackElo "1843"]
[PlyCount "28"]
[EventDate "2015.01.29"]
[EventType "swiss"]
[EventRounds "7"]
[EventCountry "ITA"]
[SourceTitle "EXT 2017"]
[Source "ChessBase"]
[SourceDate "2016.10.25"]
[SourceVersion "1"]
[SourceVersionDate "2016.10.25"]
[SourceQuality "1"]

1. d4 e6 2. c4 f5 3. g3 Nf6 4. Bg2 d5 5. b3 c6 6. Nf3 Be7 7. 0-0 0-0 8. Ne5 Nbd7 9. Nd2 Nxe5 10. dxe5 Ne4 11. Bb2 Qe8 12. f3 Bc5+ 13. Kh1 Nxg3+ 14. hxg3 Qh5+ 0-1

[Event "Torino Province-ch"]
[Site "Torino"]
[Date "2015.01.29"]
[Round "1"]
[White "Longo, Enrico"]
[Black "Peruffo, Giovanni"]
[Result "1-0"]
[WhiteElo "1777"]
[BlackElo "1520"]
[PlyCount "61"]
[EventDate "2015.01.29"]
[EventType "swiss"]
[EventRounds "7"]
[EventCountry "ITA"]
[SourceTitle "EXT 2017"]
[Source "ChessBase"]
[SourceDate "2016.10.25"]
[SourceVersion "1"]
[SourceVersionDate "2016.10.25"]
[SourceQuality "1"]

1. Nf3 e6 2. d4 d5 3. c4 c6 4. Nc3 Nf6 5. e3 Bb4 6. a3 Be7 7. Bd3 Nbd7 8. 0-0 Bd6 9. b3 b6 10. Re1 0-0 11. Bb2 Qc7 12. h3 c5 13. Nb5 Qc6 14. Nxd6 Qxd6 15. Qc2 Ne8 16. Bxh7+ Kh8 17. Bd3 f5 18. cxd5 Bb7 19. Ne5 Nxe5 20. dxe5 Qxd5 21. f3 Rc8 22. Rad1 Qc6 23. a4 Nc7 24. Bc4 Rcd8 25. Qf2 g6 26. Rxd8 Rxd8 27. Qh4+ Kg8 28. Qxd8+ Kh7 29. Rd1 Kh6 30. Qh8+ Kg5 31. f4# 1-0